[Event "SVK-chT2B 2223"]
[Site "Slovakia"]
[Date "2023.01.15"]
[Round "7.8"]
[White "Cervenka, Peter"]
[Black "Hegedus, Roland"]
[Result "0-1"]
[WhiteElo "1791"]
[BlackElo "1932"]
[PlyCount "96"]
[EventDate "2022.10.08"]
[EventType "team-tourn"]
[EventRounds "11"]
[EventCountry "SVK"]
[SourceTitle "EXT 2024"]
[Source "ChessBase"]
[SourceDate "2023.10.10"]
[SourceVersion "1"]
[SourceVersionDate "2023.10.10"]
[SourceQuality "1"]
[WhiteTeam "Surany"]
[BlackTeam "Komarno II"]
[WhiteTeamCountry "SVK"]
[BlackTeamCountry "SVK"]

1. e4 c5 2. c3 d5 3. exd5 Qxd5 4. d4 Nf6 5. Nf3 Nc6 6. Be2 cxd4 7. cxd4 e6 8. Nc3 Qd6 9. 0-0 Be7 10. Nb5 Qb8 11. g3 Nd5 12. Bc4 a6 13. Bxd5 axb5 14. Bb3 0-0 15. Qe2 Bf6 16. d5 exd5 17. Bxd5 Bh3 18. Re1 Qd6 19. Qe4 Ra4 20. Bf4 Qd7 21. Bxc6 bxc6 22. Qc2 Rxf4 23. Ne5 Bxe5 24. Rxe5 Rf6 25. Rd1 Qg4 26. Rd3 Re6 27. Rde3 Rxe5 28. Rxe5 Qf3 29. Qe4 Qd1+ 30. Qe1 Qf3 31. Qe4 Qxe4 32. Rxe4 Rd8 33. f4 Be6 34. b3 Rd1+ 35. Kf2 Rd2+ 36. Ke3 Rxa2 37. f5 Bd7 38. Rd4 Ra7 39. g4 f6 40. h4 Kf7 41. Kf4 h6 42. g5 hxg5+ 43. hxg5 fxg5+ 44. Kxg5 c5 45. Rd5 Rc7 46. Rd6 c4 47. bxc4 bxc4 48. f6 g6 0-1

[Event "SVK-chT2B 2122"]
[Site "Slovakia"]
[Date "2022.04.30"]
[Round "10.2"]
[White "Chovanec, Milan"]
[Black "Hegedus, Roland"]
[Result "1/2-1/2"]
[WhiteElo "2065"]
[BlackElo "1938"]
[PlyCount "34"]
[EventDate "2021.10.16"]
[EventType "team-tourn"]
[EventRounds "11"]
[EventCountry "SVK"]
[SourceTitle "EXT 2023"]
[Source "ChessBase"]
[SourceDate "2022.10.05"]
[SourceVersion "1"]
[SourceVersionDate "2022.10.05"]
[SourceQuality "1"]
[WhiteTeam "Povazske Podhradie"]
[BlackTeam "Komarno II"]
[WhiteTeamCountry "SVK"]
[BlackTeamCountry "SVK"]

1. e4 c5 2. Nf3 Nc6 3. d4 cxd4 4. Nxd4 Nf6 5. Nc3 e5 6. Ndb5 d6 7. Nd5 Nxd5 8. exd5 Nb8 9. Qf3 a6 10. Qa3 Be7 11. Bd2 0-0 12. Bb4 axb5 13. Qxa8 Na6 14. Bd2 Qb6 15. Be3 Qa5+ 16. Bd2 Qb6 17. Be3 Qa5+ 1/2-1/2

[Event "SVK-chT2B 1920"]
[Site "Slovakia"]
[Date "2019.12.14"]
[Round "5.6"]
[White "Hegedus, Roland"]
[Black "Meszarosova, Eva"]
[Result "1/2-1/2"]
[WhiteElo "1928"]
[BlackElo "1970"]
[PlyCount "27"]
[EventDate "2019.10.26"]
[EventType "team-tourn"]
[EventRounds "11"]
[EventCountry "SVK"]
[SourceTitle "CBM 194 Extra"]
[Source "ChessBase"]
[SourceDate "2020.03.31"]
[SourceVersion "1"]
[SourceVersionDate "2020.03.31"]
[SourceQuality "1"]
[WhiteTeam "Komarno II"]
[BlackTeam "Nove Zamky"]
[WhiteTeamCountry "SVK"]
[BlackTeamCountry "SVK"]

1. e4 c5 2. Nf3 d6 3. d4 cxd4 4. Nxd4 Nf6 5. Nc3 a6 6. Be3 g6 7. f3 Bg7 8. Qd2 0-0 9. g4 b5 10. g5 Nfd7 11. h4 Bb7 12. h5 Nc6 13. hxg6 hxg6 14. 0-0-0 1/2-1/2

[Event "SVK-chT2B 1516"]
[Site "Slovakia"]
[Date "2016.02.13"]
[Round "8.3"]
[White "Hegedus, Roland"]
[Black "Sopko, Rudolf"]
[Result "1/2-1/2"]
[WhiteElo "2002"]
[BlackElo "1854"]
[PlyCount "133"]
[EventDate "2015.10.17"]
[EventType "team-tourn"]
[EventRounds "11"]
[EventCountry "SVK"]
[SourceTitle "EXT 2019"]
[Source "ChessBase"]
[SourceDate "2018.10.10"]
[SourceVersion "1"]
[SourceVersionDate "2018.10.10"]
[SourceQuality "1"]
[WhiteTeam "Komarno KSC"]
[BlackTeam "Trencin PK"]
[WhiteTeamCountry "SVK"]
[BlackTeamCountry "SVK"]

1. e4 e5 2. Nf3 Nf6 3. Nxe5 Qe7 4. d4 Nc6 5. Nxc6 Qxe4+ 6. Be2 dxc6 7. 0-0 Bd6 8. Bf3 Qh4 9. g3 Qh3 10. Bg2 Qf5 11. Re1+ Be6 12. c4 0-0-0 13. Qa4 Kb8 14. Be3 Bd7 15. d5 c5 16. Qa3 b6 17. Nd2 g5 18. Qb3 h5 19. a4 a5 20. Nf3 Rdg8 21. Bd2 Ka7 22. Bc3 Re8 23. Bxf6 Qxf6 24. Qc2 h4 25. Qd2 hxg3 26. fxg3 Reg8 27. Qc3 Qh6 28. Re2 g4 29. Nh4 f5 30. Re6 Bxe6 31. dxe6 Qxe6 32. Bd5 Qd7 33. Bxg8 Rxg8 34. Rf1 f4 35. gxf4 Qh7 36. Qg3 Be7 37. Ng2 Bf6 38. b3 Bd4+ 39. Kh1 Rh8 40. f5 Qg7 41. Nh4 Be5 42. f6 Qg5 43. Nf3 Qf4 44. Qxf4 Bxf4 45. Ne1 Bxh2 46. f7 Bd6+ 47. Kg2 Kb7 48. Nd3 Rf8 49. Rf5 Kc8 50. Nf2 g3 51. Ne4 Kd7 52. Nxg3 Ke6 53. Rf3 Rxf7 54. Rxf7 Kxf7 55. Kf3 Ke6 56. Ne2 Kf5 57. Ke3 Be5 58. Kd3 Bf6 59. Ng3+ Ke5 60. Ne2 Bg5 61. Nc3 c6 62. Ne4 Bh4 63. Nd2 Bg3 64. Nf3+ Kf4 65. Nd2 Be1 66. Ne4 Ke5 67. Ng5 1/2-1/2

[Event "SVK-chT1W 1314"]
[Site "Slovakia"]
[Date "2013.12.14"]
[Round "5.5"]
[White "Berek, Geza"]
[Black "Hegedus, Roland"]
[Result "0-1"]
[WhiteElo "2134"]
[BlackElo "2020"]
[PlyCount "72"]
[EventDate "2013.10.12"]
[EventType "team-tourn"]
[EventRounds "11"]
[EventCountry "SVK"]
[SourceTitle "EXT 2015"]
[Source "ChessBase"]
[SourceDate "2014.11.20"]
[SourceVersion "1"]
[SourceVersionDate "2014.11.20"]
[SourceQuality "1"]
[WhiteTeam "Levice"]
[BlackTeam "Komarno"]
[WhiteTeamCountry "SVK"]
[BlackTeamCountry "SVK"]

1. e4 c5 2. Nf3 Nc6 3. d4 cxd4 4. Nxd4 Nf6 5. Nc3 e5 6. Ndb5 d6 7. Bg5 a6 8. Na3 b5 9. Bxf6 gxf6 10. Nd5 Bg7 11. c3 Ne7 12. Nxe7 Qxe7 13. Nc2 f5 14. exf5 Bb7 15. Ne3 0-0 16. Be2 b4 17. 0-0 bxc3 18. bxc3 e4 19. Rb1 Rac8 20. c4 Rc5 21. Rb6 Be5 22. Qb3 Bc8 23. Nd5 Qg5 24. f4 exf3 25. Qxf3 Rxd5 26. Rb3 Bd4+ 27. Kh1 Rxf5 28. Qe4 Rxf1+ 29. Bxf1 Be5 30. Rf3 Bg4 31. Bd3 Qh5 32. Rf4 Bxf4 33. Qxf4 Re8 34. h3 Bxh3 35. gxh3 Qxh3+ 36. Kg1 Qxd3 0-1

[Event "SVK-chT2B 1112"]
[Site "Slovakia"]
[Date "2011.11.05"]
[Round "3.4"]
[White "Hegedus, Roland"]
[Black "Struhar, Jan"]
[Result "0-1"]
[WhiteElo "2032"]
[BlackElo "2126"]
[PlyCount "70"]
[EventDate "2011.10.08"]
[EventType "team-tourn"]
[EventRounds "11"]
[EventCountry "SVK"]
[SourceTitle "EXT 2013"]
[Source "ChessBase"]
[SourceDate "2012.11.22"]
[SourceVersion "1"]
[SourceVersionDate "2012.11.22"]
[SourceQuality "1"]
[WhiteTeam "Komarno KSC II"]
[BlackTeam "Belusa Hermes"]
[WhiteTeamCountry "SVK"]
[BlackTeamCountry "SVK"]

1. e4 e5 2. Nf3 Nc6 3. Bb5 a6 4. Ba4 Nf6 5. 0-0 Be7 6. Re1 b5 7. Bb3 d6 8. h3 0-0 9. c3 Na5 10. Bc2 c5 11. d4 Qc7 12. b3 cxd4 13. cxd4 Nc6 14. Nbd2 Nb4 15. Bb1 Qc3 16. Nc4 bxc4 17. Bd2 Qxa1 18. Bxb4 a5 19. Ba3 Rb8 20. Nxe5 dxe5 21. Bxe7 Re8 22. Bd6 Rb7 23. dxe5 cxb3 24. axb3 Nd7 25. e6 fxe6 26. e5 Qc3 27. Re3 Qc6 28. Bxh7+ Kxh7 29. Qh5+ Kg8 30. Qxe8+ Kh7 31. Qxe6 Nb6 32. Qxc8 Qxc8 33. e6 Qc1+ 34. Kh2 Nd5 35. Rd3 Qc6 0-1

[Event "SVK-chT2B 10/11"]
[Site "Slovakia"]
[Date "2011.03.06"]
[Round "9.5"]
[White "Hegedus, Roland"]
[Black "Kunovsky, Daniel"]
[Result "1/2-1/2"]
[WhiteElo "2046"]
[BlackElo "2046"]
[PlyCount "45"]
[EventDate "2010.10.23"]
[EventType "team-tourn"]
[EventRounds "11"]
[EventCountry "SVK"]
[SourceTitle "EXT 2019"]
[Source "ChessBase"]
[SourceDate "2018.10.10"]
[SourceVersion "1"]
[SourceVersionDate "2018.10.10"]
[SourceQuality "1"]
[WhiteTeam "Komarno KSC"]
[BlackTeam "Sala Slovan Duslo"]
[WhiteTeamCountry "SVK"]
[BlackTeamCountry "SVK"]

1. e4 e5 2. Nf3 Nc6 3. Bb5 a6 4. Ba4 Nf6 5. 0-0 Be7 6. Re1 b5 7. Bb3 d6 8. c3 0-0 9. h3 Na5 10. Bc2 c5 11. d4 Qc7 12. Nbd2 Bd7 13. Nf1 cxd4 14. cxd4 Nc6 15. d5 Nb4 16. Bb3 a5 17. a4 Rfc8 18. Bg5 bxa4 19. Bxa4 Nc2 20. Bxc2 Qxc2 21. Qxc2 Rxc2 22. Bd2 Rxb2 23. Rxa5 1/2-1/2

[Event "SVK-chT2B 0910"]
[Site "Slovakia"]
[Date "2010.02.06"]
[Round "8.4"]
[White "Malinovsky, Jozef"]
[Black "Hegedus, Roland"]
[Result "0-1"]
[WhiteElo "1905"]
[BlackElo "2089"]
[PlyCount "60"]
[EventDate "2009.10.10"]
[EventType "team"]
[EventRounds "11"]
[EventCountry "SVK"]
[SourceTitle "EXT 2011"]
[Source "ChessBase"]
[SourceDate "2010.11.26"]
[SourceVersion "1"]
[SourceVersionDate "2010.11.26"]
[SourceQuality "1"]
[WhiteTeam "Belusa"]
[BlackTeam "Komarno"]
[WhiteTeamCountry "SVK"]
[BlackTeamCountry "SVK"]

1. d4 Nf6 2. c4 g6 3. Nc3 Bg7 4. Nf3 0-0 5. e4 d6 6. Be2 e5 7. Be3 Ng4 8. Bg5 f6 9. Bc1 Nc6 10. h3 Nh6 11. Be3 Nf7 12. d5 Ne7 13. g4 f5 14. gxf5 gxf5 15. exf5 Nxf5 16. Bd2 Nd4 17. Ne4 Bf5 18. Nxd4 exd4 19. Ng3 Bg6 20. Qb3 Ne5 21. f4 d3 22. Bg4 Qh4 23. Be6+ Kh8 24. 0-0-0 Rxf4 25. Qxb7 Rxc4+ 26. Kb1 Rf8 27. Rhf1 Qxg3 28. Rxf8+ Bxf8 29. Qc8 Qf3 30. Re1 Rc2 0-1

[Event "SVK-chT2B 0910"]
[Site "Slovakia"]
[Date "2010.01.10"]
[Round "7"]
[White "Gulbis, Adrian"]
[Black "Hegedus, Roland"]
[Result "1-0"]
[WhiteElo "2091"]
[BlackElo "2089"]
[PlyCount "103"]
[EventDate "2009.10.10"]
[EventType "team"]
[EventRounds "11"]
[EventCountry "SVK"]
[SourceTitle "EXT 2011"]
[Source "ChessBase"]
[SourceDate "2010.11.26"]
[SourceVersion "1"]
[SourceVersionDate "2010.11.26"]
[SourceQuality "1"]
[WhiteTeam "Nove Zamky Basta II"]
[BlackTeam "Komarno"]
[WhiteTeamCountry "SVK"]
[BlackTeamCountry "SVK"]

1. d4 Nf6 2. c4 e6 3. Nf3 Bb4+ 4. Bd2 c5 5. Bxb4 cxb4 6. e3 0-0 7. Be2 d6 8. 0-0 Nc6 9. a3 bxa3 10. Rxa3 e5 11. Nc3 e4 12. Nd2 Bf5 13. Qb1 Qe7 14. b4 Bg6 15. Qb2 b6 16. b5 Na5 17. Nb3 Nxb3 18. Qxb3 Qb7 19. Rfa1 Rfd8 20. Ra6 Rd7 21. Na2 Ne8 22. Nb4 Nc7 23. R6a4 h6 24. Qa2 Kh7 25. Rxa7 Rxa7 26. Qxa7 Ne6 27. Qxb7 Rxb7 28. Nd5 Nc7 29. Nxc7 Rxc7 30. Ra6 Rb7 31. h3 Bf5 32. Ra8 Be6 33. Rd8 Bd7 34. f3 f5 35. fxe4 fxe4 36. Bg4 Bxg4 37. hxg4 Kg6 38. Rxd6+ Kg5 39. Re6 Kxg4 40. Rxe4+ Kg3 41. Rf4 g5 42. Rf3+ Kg4 43. d5 Rc7 44. d6 Rd7 45. Rf6 Kg3 46. Rxh6 g4 47. Rf6 Ra7 48. e4 Ra1+ 49. Rf1 Ra2 50. Rd1 Rxg2+ 51. Kf1 Rf2+ 52. Ke1 1-0

[Event "HUN-chT2 Barcza 0910"]
[Site "Hungary"]
[Date "2009.11.08"]
[Round "1.5"]
[White "Halmi, Bence"]
[Black "Hegedus, Roland"]
[Result "0-1"]
[WhiteElo "2036"]
[BlackElo "2141"]
[PlyCount "65"]
[EventDate "2009.11.08"]
[EventType "team-tourn"]
[EventRounds "11"]
[EventCountry "HUN"]
[SourceTitle "EXT 2011"]
[Source "ChessBase"]
[SourceDate "2010.11.26"]
[SourceVersion "1"]
[SourceVersionDate "2010.11.26"]
[SourceQuality "1"]
[WhiteTeam "Kazincbarcika"]
[BlackTeam "Debrecen Betu"]
[WhiteTeamCountry "HUN"]
[BlackTeamCountry "HUN"]

1. e4 e5 2. Nf3 Nc6 3. Nc3 Be7 4. Bb5 d6 5. d4 exd4 6. Nxd4 Bd7 7. Nd5 Nf6 8. 0-0 0-0 9. Nxe7+ Qxe7 10. Nxc6 bxc6 11. Bd3 Qe5 12. f3 Be6 13. c3 Qc5+ 14. Kh1 Bc4 15. Qe2 Bxd3 16. Qxd3 Qb6 17. b3 Nd7 18. f4 f6 19. Rf3 Qb5 20. c4 Qh5 21. Be3 Rfe8 22. Bd4 Nc5 23. Bxc5 Qxc5 24. Rh3 g6 25. Rg3 Kf7 26. Rf1 Re7 27. f5 g5 28. Qf3 Ke8 29. h4 Kd7 30. hxg5 fxg5 31. Rxg5 Rf8 32. Qg4 Rf6 33. Rg7 0-1

[Event "SVK-chT2B 0910"]
[Site "Slovakia"]
[Date "2009.11.08"]
[Round "4"]
[White "Hegedus, Roland"]
[Black "Zahorsky, Dusan"]
[Result "0-1"]
[WhiteElo "2089"]
[BlackElo "2054"]
[PlyCount "77"]
[EventDate "2009.10.10"]
[EventType "team"]
[EventRounds "11"]
[EventCountry "SVK"]
[SourceTitle "EXT 2011"]
[Source "ChessBase"]
[SourceDate "2010.11.26"]
[SourceVersion "1"]
[SourceVersionDate "2010.11.26"]
[SourceQuality "1"]
[WhiteTeam "Komarno"]
[BlackTeam "Topolcianky"]
[WhiteTeamCountry "SVK"]
[BlackTeamCountry "SVK"]

1. e4 c5 2. Nf3 d6 3. d4 cxd4 4. Nxd4 Nf6 5. Nc3 g6 6. Be3 Bg7 7. f3 0-0 8. Bc4 Nc6 9. Qd2 Bd7 10. 0-0-0 Qb8 11. g4 b5 12. Bb3 a5 13. g5 Nh5 14. Bd5 Rc8 15. Nce2 Ra6 16. Bxc6 Bxc6 17. Ng3 Bd7 18. Nxh5 gxh5 19. Kb1 b4 20. Nf5 Bxf5 21. exf5 Rac6 22. Rc1 Rc4 23. f6 Bf8 24. b3 R4c6 25. Bd4 e5 26. Bb2 Qb5 27. f4 a4 28. fxe5 axb3 29. axb3 dxe5 30. Rhe1 Ra8 31. Rxe5 Qa6 32. Rce1 Qa2+ 33. Kc1 Qxb3 34. Qg2 Qc4 35. R1e4 Qa6 36. Qe2 b3 37. c3 Qc8 38. Qe1 Qd7 39. Re2 0-1

[Event "SVK-chT2B 0809"]
[Site "Slovakia"]
[Date "2009.02.01"]
[Round "9.6"]
[White "Hegedus, Roland"]
[Black "Valovic, Stefan"]
[Result "1-0"]
[WhiteElo "2108"]
[BlackElo "1924"]
[PlyCount "61"]
[EventDate "2008.10.11"]
[EventType "team-tourn"]
[EventRounds "11"]
[EventCountry "SVK"]
[SourceTitle "EXT 2010"]
[Source "ChessBase"]
[SourceDate "2010.11.25"]
[SourceVersion "1"]
[SourceVersionDate "2010.11.25"]
[SourceQuality "1"]
[WhiteTeam "Komarno KSC"]
[BlackTeam "Topolcianky SK"]
[WhiteTeamCountry "SVK"]
[BlackTeamCountry "SVK"]

1. e4 c6 2. d4 d5 3. Nc3 dxe4 4. Nxe4 Nd7 5. Bc4 Ngf6 6. Ng5 e6 7. Qe2 Nb6 8. Bd3 h6 9. N5f3 Be7 10. c3 Qc7 11. Ne5 Nbd7 12. Ngf3 Nxe5 13. dxe5 Nd7 14. 0-0 b6 15. a4 Bb7 16. b4 a5 17. Bd2 axb4 18. cxb4 g6 19. Rfe1 Kf8 20. Nd4 Kg7 21. Bxg6 Qxe5 22. Qd3 Qf6 23. Bxf7 Qxf7 24. Nxe6+ Kg8 25. Qxd7 Bf6 26. Qxf7+ Kxf7 27. Ra3 Bc8 28. Rf3 Kg6 29. Nf4+ Kf7 30. Nh5 Rd8 31. Rxf6+ 1-0

[Event "SVK-chT2B 0809"]
[Site "Slovakia"]
[Date "2009.01.31"]
[Round "8.6"]
[White "Beres, Dominik"]
[Black "Hegedus, Roland"]
[Result "1-0"]
[WhiteElo "2062"]
[BlackElo "2108"]
[PlyCount "60"]
[EventDate "2008.10.11"]
[EventType "team-tourn"]
[EventRounds "11"]
[EventCountry "SVK"]
[SourceTitle "EXT 2010"]
[Source "ChessBase"]
[SourceDate "2010.11.25"]
[SourceVersion "1"]
[SourceVersionDate "2010.11.25"]
[SourceQuality "1"]
[WhiteTeam "Tlmace SK"]
[BlackTeam "Komarno KSC"]
[WhiteTeamCountry "SVK"]
[BlackTeamCountry "SVK"]

1. d4 Nf6 2. Nf3 e6 3. Bf4 d5 4. e3 Bd6 5. Bg5 h6 6. Bh4 Nbd7 7. Nbd2 0-0 8. Be2 b6 9. c3 Bb7 10. Qc2 c5 11. 0-0 Qc7 12. Rfe1 Ne4 13. Nf1 f5 14. N3d2 cxd4 15. exd4 g5 16. Bg3 f4 17. f3 fxg3 18. fxe4 gxh2+ 19. Kh1 dxe4 20. Nxe4 Bf4 21. Bg4 Kg7 22. Bxe6 Rae8 23. d5 Nc5 24. c4 Nxe6 25. dxe6 Be5 26. Ne3 Rxe6 27. Nc3 Ref6 28. Ncd5 Rf2 29. Nxc7 Rxg2 30. Nxg2 Bxg2+ 1-0

[Event "SVK-chT2B 0607"]
[Site "Slovakia"]
[Date "2006.12.17"]
[Round "6.4"]
[White "Hegedus, Roland"]
[Black "Cvirik, Vladimir"]
[Result "1-0"]
[WhiteElo "2092"]
[BlackElo "1969"]
[PlyCount "78"]
[EventDate "2006.10.14"]
[EventType "team-tourn"]
[EventRounds "11"]
[EventCountry "SVK"]
[SourceTitle "EXT 2008"]
[Source "ChessBase"]
[SourceDate "2007.11.25"]
[SourceVersion "1"]
[SourceVersionDate "2007.11.25"]
[SourceQuality "1"]
[WhiteTeam "Komarno KSC"]
[BlackTeam "Surany"]
[WhiteTeamCountry "SVK"]
[BlackTeamCountry "SVK"]

1. e4 c5 2. Nf3 Nc6 3. d4 cxd4 4. Nxd4 Nf6 5. Nc3 e5 6. Ndb5 a6 7. Nd6+ Bxd6 8. Qxd6 Qe7 9. Qxe7+ Nxe7 10. Bg5 Nfg8 11. 0-0-0 f6 12. Be3 b5 13. Bc5 Bb7 14. Bxb5 axb5 15. Nxb5 Kf8 16. Nc7 Rxa2 17. Kb1 Ra4 18. b3 Rxe4 19. Rxd7 Bc6 20. Rd8+ Kf7 21. b4 Rc4 22. Rhd1 Ba4 23. R1d2 Nc6 24. Ra8 Nd4 25. Rxa4 Ne7 26. Ra7 Nec6 27. Rb7 Kg6 28. Nd5 Ne6 29. Rb6 Nxc5 30. bxc5 Rxc5 31. Rxc6 Rb5+ 32. Kc1 Ra8 33. Rd3 Ra1+ 34. Kd2 e4 35. Rg3+ Kh6 36. Ne3 Ra4 37. Rc7 g5 38. Rh3+ Kg6 39. Rcxh7 g4 1-0

[Event "SVK-chT1W 0506"]
[Site "Slovakia"]
[Date "2006.??.??"]
[Round "?"]
[White "Hegedus, Roland"]
[Black "Moravcik, Rastislav"]
[Result "0-1"]
[WhiteElo "2075"]
[BlackElo "2110"]
[PlyCount "86"]
[EventDate "2005.10.15"]
[EventType "team-tourn"]
[EventRounds "11"]
[EventCountry "SVK"]
[SourceTitle "EXT 2008"]
[Source "ChessBase"]
[SourceDate "2007.11.25"]
[SourceVersion "1"]
[SourceVersionDate "2007.11.25"]
[SourceQuality "1"]

1. e4 g6 2. d4 Bg7 3. Nc3 d6 4. Be3 Nc6 5. Qd2 e5 6. d5 Nce7 7. 0-0-0 a6 8. f3 f5 9. Kb1 Nf6 10. Bh6 0-0 11. Bxg7 Kxg7 12. h4 f4 13. g3 Nh5 14. gxf4 Nxf4 15. Nce2 Ng8 16. Nxf4 Rxf4 17. h5 g5 18. h6+ Kh8 19. Qg2 Qf6 20. Rh5 g4 21. Be2 Qg6 22. fxg4 Bxg4 23. Bxg4 Rxg4 24. Qh1 Nf6 25. Rf5 Nxe4 26. Rf3 Nd2+ 27. Kc1 Nxf3 28. Nxf3 Rf8 29. Nd2 Rg2 30. Qh3 Qg4 31. Qe3 Rff2 32. b3 Qxd1+ 33. Kxd1 Rg1+ 34. Qe1 Rxe1+ 35. Kxe1 Rxd2 36. Kxd2 Kg8 37. Ke3 Kf7 38. Ke4 Kg6 39. c4 Kxh6 40. b4 Kg5 41. a4 b6 42. a5 bxa5 43. b5 axb5 0-1

[Event "HUN-chT2 Breyer 0405"]
[Site "Hungary"]
[Date "2005.03.06"]
[Round "9"]
[White "Hegedus, Roland"]
[Black "Schenkerik, Csaba"]
[Result "1/2-1/2"]
[WhiteElo "2107"]
[BlackElo "2162"]
[PlyCount "83"]
[EventDate "2004.09.26"]
[EventType "team"]
[EventRounds "11"]
[EventCountry "HUN"]
[SourceTitle "EXT 2009"]
[Source "ChessBase"]
[SourceDate "2008.11.26"]
[SourceVersion "1"]
[SourceVersionDate "2008.11.26"]
[SourceQuality "1"]
[WhiteTeam "Komarom"]
[BlackTeam "Vizugy II"]
[WhiteTeamCountry "HUN"]
[BlackTeamCountry "HUN"]

1. e4 e5 2. Nf3 Nc6 3. Bb5 f5 4. Nc3 fxe4 5. Nxe4 Nf6 6. Nxf6+ gxf6 7. Nh4 Qe7 8. Bc4 d6 9. Qh5+ Kd8 10. 0-0 Qg7 11. Nf5 Qg6 12. Qxg6 hxg6 13. Ne3 f5 14. f4 Bg7 15. g3 e4 16. c3 Ne7 17. d4 exd3 18. Rd1 c6 19. Rxd3 Kc7 20. Nc2 b5 21. Re3 Kd8 22. Bb3 c5 23. c4 b4 24. a3 bxa3 25. Rxa3 Bb7 26. Rd3 Kc7 27. Ba4 Be4 28. Rd1 Rab8 29. Ra2 d5 30. b3 d4 31. Ne1 Rb6 32. Nd3 Kd6 33. Bb5 a6 34. Ba4 Nc6 35. Ba3 Bxd3 36. Rxd3 Re8 37. Kf2 Re4 38. Bxc6 Kxc6 39. Re2 Rb8 40. h4 Rbe8 41. Red2 Bf6 42. Ra2 1/2-1/2

[Event "HUN-chT2 Breyer 0405"]
[Site "Hungary"]
[Date "2005.01.23"]
[Round "6"]
[White "Gombocz, Zsolt"]
[Black "Hegedus, Roland"]
[Result "0-1"]
[WhiteElo "2083"]
[BlackElo "2107"]
[PlyCount "110"]
[EventDate "2004.09.26"]
[EventType "team"]
[EventRounds "11"]
[EventCountry "HUN"]
[SourceTitle "EXT 2009"]
[Source "ChessBase"]
[SourceDate "2008.11.26"]
[SourceVersion "1"]
[SourceVersionDate "2008.11.26"]
[SourceQuality "1"]
[WhiteTeam "MAFC"]
[BlackTeam "Komarom"]
[WhiteTeamCountry "HUN"]
[BlackTeamCountry "HUN"]

1. d4 f5 2. c4 Nf6 3. Nc3 g6 4. g3 Bg7 5. Bg2 0-0 6. e4 fxe4 7. Nxe4 Nxe4 8. Bxe4 d6 9. Ne2 Nc6 10. 0-0 e5 11. d5 Ne7 12. Bg5 Bh3 13. Bg2 Bxg2 14. Kxg2 h6 15. Be3 Nf5 16. Nc3 b6 17. Qg4 Qe8 18. Rae1 Qf7 19. b3 Rae8 20. Ne4 b5 21. Nc3 b4 22. Ne4 a5 23. Rd1 a4 24. Kg1 axb3 25. axb3 Ra8 26. Qe2 Ra3 27. Rb1 Nd4 28. Bxd4 exd4 29. Qd2 Rb8 30. f3 Qf5 31. g4 Qf7 32. Ng3 Rba8 33. Ne2 Ra2 34. Qd3 Re8 35. Nc1 Re3 36. Qd1 Ra8 37. Nd3 Rf8 38. f4 Re4 39. f5 gxf5 40. Rxf5 Qe7 41. Rxf8+ Bxf8 42. Nf2 Rf4 43. Rb2 Qe3 44. Qe2 Bg7 45. Ra2 Qxe2 46. Rxe2 Rf3 47. Rb2 Rc3 48. Kf1 Rc1+ 49. Kg2 Rc3 50. Kf1 Be5 51. h3 Bf4 52. Ke2 Re3+ 53. Kf1 Bg3 54. Kg2 Bxf2 55. Rxf2 Rxb3 0-1